| Tag |
First Indicator |
Second Indicator |
Subfields |
| LEADER |
00000cam a2200000 4500 |
| 001 |
in00000052388 |
| 005 |
20151007070122.0 |
| 008 |
760308s1967 nyu bi 00010 eng |
| 010 |
|
|
|a 67019857
|
| 035 |
|
|
|a (OCoLC)02035658
|
| 035 |
|
|
|9 AAE3371AM
|
| 040 |
|
|
|a DLC
|c XFM
|d TXA
|d UtOrBLW
|
| 049 |
|
|
|a TXAM
|c [470970]
|
| 050 |
|
0 |
|a QD95
|b .M24
|
| 092 |
|
|
|a 545.33
|b A1M161i, 1967
|
| 100 |
1 |
|
|a McLafferty, Fred W.
|
| 245 |
1 |
0 |
|a Index and bibliography of mass spectrometry, 1963-1965 /
|c [by] F.W. McLafferty and John Pinzelik.
|
| 264 |
|
1 |
|a New York :
|b Interscience Publishers,
|c [1967]
|
| 300 |
|
|
|a 1 volume (unpaged) ;
|c 28 cm.
|
| 336 |
|
|
|a text
|b txt
|2 rdacontent
|
| 337 |
|
|
|a unmediated
|b n
|2 rdamedia
|
| 338 |
|
|
|a volume
|b nc
|2 rdacarrier
|
| 650 |
|
0 |
|a Mass spectrometry
|x Indexes.
|
| 650 |
|
0 |
|a Mass spectrometry
|x Bibliography.
|
| 700 |
1 |
|
|a Pinzelik, John.
|
| 999 |
|
|
|a MARS
|
| 999 |
f |
f |
|s 4f4cf0a6-56e9-3833-8994-09c678d066e9
|i e66e90c3-ce7b-3a17-b8b3-e982ec280336
|t 0
|
| 952 |
f |
f |
|p ric
|a Texas A&M University
|b Rellis Campus
|c Joint Library Facility
|d Remote Storage
|t 0
|e QD95 .M24
|h Library of Congress classification
|i unmediated -- volume
|m A14800940980
|
| 998 |
f |
f |
|a QD95 .M24
|t 0
|l Remote Storage
|